00320pab a2200121 454500008004000000100002000040245005900060260000900119300001300128362001200141650001800153773002700171180718b1997 xxu||||| |||| 00| 0 eng d aShanmugam, K.R. aThe value of life: estimates from Indian labour market c1997 ap.105-14 aApr-Jun aLabour market aIndian Economic Review